000 00643nam a2200277Ia 4500
005 20260324112600.0
008 008 260324s9999 xx 000 0 eng d
020 _a9781003522348
037 _aEBOOK
040 _aCRL
040 _beng
040 _cCRL
041 _2eng
041 _aeng
084 _qCRL
100 _aBarry Denyer-Green
_91143300
245 0 _aCompulsory Purchase and Compensation
260 _bTaylor and Francis
260 _c2024
365 _a
365 _b340
856 _uhttp://www.taylorfrancis.com/books/9781003522348
942 _cEBOOK
999 _c1732558
_d1732558